00652nam a2200217 a 4500001001300000003000900013005001700022008004100039020000900080082002000089245003100109260006100140300000800201500003500209650001600244710004200260902000800302942000700310952010000317999001700417nice12345678IN_TiNIC20260116014649.0080421s1982 newa grd 000 0 urd  ac6000a305.40954bCEN3 aYeh Sirf Kahani Nahin (CD) aNew DelhibCentre for Development of Instructionalc1982 a00p aincludes index and biblioraphy aWomen-India2 aCentre for Development of Instruction bSRS cND 00104070aHMIbHMId2010-02-03g60.00l0o305.40954 CEN3p022369r2010-02-03w2026-01-16yVM c16400d16400